Films Based on Michael Crichton Novels - Statistics

General Stats
  • This quiz has been taken 105 times
    85 since last reset
  • The average score is 5 of 14
Answer Stats
Year of Film Film Adaptation Based On % Correct
1993 Jurassic Park the novel of the same name
100%
1997 The Lost World: Jurassic Park sequel to 1993 novel
72%
1971 The Andromeda Strain the novel of the same name
47%
1995 Congo the novel of the same name
45%
1998 Sphere the novel of the same name
27%
1994 Disclosure the novel of the same name
26%
1979 The First Great Train Robbery The Great Train Robbery
26%
1993 Rising Sun the novel of the same name
20%
2003 Timeline the novel of the same name
20%
1999 The 13th Warrior Eaters of the Dead
19%
1974 The Terminal Man the novel of the same name
19%
1972 Pursuit Binary
12%
1972 The Carey Treatment A Case of Need
12%
1972 Dealing: Or the Berkeley-to-Boston Forty-Brick Lost-Bag Blues the novel of the same name
11%
No matching quizzes found
Score Distribution
Percent of People with Each Score
Percentile by Number Answered
Your Score History
You have not taken this quiz since the last reset